000 00671nam a2200193Ii 4500
003 JO-AjNU
008 230605s9999||||xx |||||||||||||| ||und||
040 _aJO-AjNU
_bara
_erda
_cJO-AjNU
041 _aara
050 1 4 _aPJ7828 1965
100 3 _aتحرير نولز،هوراس ؛ ترجمة نظمي لوقا,
_eauthor
_921026
245 0 0 _aأفانين من العلم والأدب والفكاهة
264 3 1 _aالقاهرة:دار نهضة مصر للطباعة والنشر،1965
300 _a379ص
336 _atext
_btxt
_2rdacontent
337 _aunmediated
_bn
_2rdamedia
338 _avolume
_bnc
_2rdacarrier
650 4 _aالأدب العربي
_921027
999 _aA7236
_c10804
_d10804